000 01638nam0a22003491 4500
001 v19\rc\1346708
005 20260405165614.0
035 _a(NLR Aleph) 005205560
090 _a5354403
_c5354403
100 _a20060512e18611861|||y0rusy50 ca
101 0 _arus
102 _aRU
105 _ay z |||||
200 1 _aПохороны В.В. Ганки в Праге
_f[П. Л...ий]
210 _a[Санкт-Петербург]
_cтип. Акад. наук
_dценз. 1861
215 _a17 с.
_d19
300 _aВ конце текста: П. Л...ий; авт. установлен по изд.: Языков Д.Д. Обзор жизни и трудов покойных русских писателей. Спб., 1890. Вып. 6. С. 79
309 _aБез тит. л. и обл.
311 _aИз "С.-Петерб. вед." № 71, 1861 г.
488 0 _12001#$aСанкт-Петербургские ведомости$v1861, № 71
_tСанкт-Петербургские ведомости
532 1 0 _aПохороны Вячеслава Вячеславовича Ганки в Праге
700 1 _7ca
_8rus
_aЛавровский
_bП. А.
_f1827-1886
_gПетр Алексеевич
_948813
_3RU\NLR\AUTH\7765884
702 1 _4570
_7ca
_8rus
_aГанка
_bВ.
_f1791-1861
_gВацлав
_954422
_3RU\NLR\AUTH\7771494
790 1 _9z01700
_aЛ...ий
_bП.
_f1827-1886
801 0 _aRU
_bNLR
_c20060512
_gpsbo
801 0 _aRU
_bRuMoRGB
_c20060512
_2psbo
801 1 _aRU
_bProSoft-M
_c20060512
_2rusmarc
801 2 _aRU
_bNLR
_c20081208
_2rusmarc
852 _aNLR
_j18.53.3.257
942 _cBOOK
980 _aNB